| 000 | 00557nam a2200121Ia 4500 | ||
|---|---|---|---|
| 008 | 220615s9999||||xx |||||||||||||| ||und|| | ||
| 100 | _aOberhuber, Andrea||Mariniello, Silvestra||Asselin, Olivier | ||
| 245 | 0 | _aL'ère électrique - The Electric Age | |
| 546 | _aEnglish[eng] | ||
| 650 | _asociology||electricity||Paris | ||
| 856 | _uhttps://library.oapen.org/bitstream/20.500.12657/33271/1/515291.pdf||https://library.oapen.org/bitstream/20.500.12657/33271/1/515291.pdf||https://library.oapen.org/bitstream/20.500.12657/33271/1/515291.pdf | ||
| 942 | _cEB | ||
| 999 |
_c18440 _d18440 |
||